Orthographia N M T || ... ||

Saved in:  
Bibliographic Details
Subtitles:Orthographia N M T .
Main Author: Marschalk, Nikolaus 1470-1525 (Author)
Contributors: Pistorius, Maternus 1470-1534 (Contributor) ; Schenck, Wolfgang -1510 (Printer)
Format: Electronic Book
Language:Latin
Subito Delivery Service: Order now.
Check availability: HBZ Gateway
WorldCat: WorldCat
Interlibrary Loan:Interlibrary Loan for the Fachinformationsdienste (Specialized Information Services in Germany)
Published: Erfurt Schenck, Wolfgang 1501
In:Year: 1501
Standardized Subjects / Keyword chains:B Orthography / Spelling / Grammar / Latin / Greek language
Further subjects:B Grammar
Online Access: Volltext (Digitalisierung)
Volltext (Digitalisierung)
Parallel Edition:Non-electronic
Sammlungen:

MARC

LEADER 00000cam a2200000 c 4500
001 1679773887
003 DE-627
005 20260402105452.0
007 cr uuu---uuuuu
008 191024s1501 gw |||||o 00| ||lat c
024 7 |a VD16 M 1116  |2 vd16 
026 |e lure n*%- n-mi %%us C 1501T  |2 fei  |5 DE-547 
035 |a (DE-627)1679773887 
035 |a (DE-599)KXP1679773887 
035 |a (OCoLC)1200025768 
040 |a DE-627  |b ger  |c DE-627  |e rakwb 
041 |a lat 
044 |c XA-DE  |c XA-DXDE 
084 |a 1  |2 ssgn 
084 |a 17.54  |2 bkl 
084 |a 18.44  |2 bkl 
084 |a 18.41  |2 bkl 
100 1 |e VerfasserIn  |0 (DE-588)104328886  |0 (DE-627)077046064  |0 (DE-576)167736078  |4 aut  |a Marschalk, Nikolaus  |d 1470-1525 
109 |a Marschalk de Grohenberg, Nicolaus 1470-1525  |a Marschalck, Nicolaus 1470-1525  |a Marscalcus, Nicolaus 1470-1525  |a Marschalk, Nicolaus 1470-1525  |a Marschalk 1470-1525  |a Mareschalcus Thurius, Nicolaus 1470-1525  |a Marschalk de Grohenberg, Nikolaus 1470-1525  |a Mareschalcus, Nicolaus 1470-1525  |a Marschalk, Nicolas 1470-1525  |a Thurius, Nicolaus Marescalcus 1470-1525  |a Thurius, Nicolaus 1470-1525  |a Nikolaus Marschalk 1470-1525  |a Thurius, Marschalkus 1470-1525  |a Marschall, Nikolaus 1470-1525  |a Marschalck, Nikolaus 1470-1525  |a Marschalk, Nikolaus 1470-1525  |a Marescalcus, Nicolaus 1470-1525  |a Nicolas Marschalk de Rossa 1470-1525  |a Nicolaus Marschalk 1470-1525  |a Marschall, Nicolas 1470-1525 
245 1 0 |a Orthographia N M T || ... || 
246 3 0 |a NMT 
246 3 3 |a Orthographia N M T ... 
256 |a TIFF, Vers.6.0, 600 dpi, 24 bit (Farbe), Digitalisierungsvorlage: Primärausgabe 
264 1 |a Erfurt  |b Schenck, Wolfgang  |c 1501 
300 |a [58] Bl.  |b Druckerm.  |c 4 
336 |a Text  |b txt  |2 rdacontent 
337 |a Computermedien  |b c  |2 rdamedia 
338 |a Online-Ressource  |b cr  |2 rdacarrier 
500 |a Verfasser nicht auf der Haupttitelseite genannt. - Beiträger: Pistoris, Maternus 
500 |a Vorlageform des Erscheinungsvermerks: (Impressum Erphordie per wofgangum Schenck anno || a natali christiano milesimo quingentesimo primo ||) 
510 3 |a M. v. Hase, Bibliographie der Erfurter Drucke von 1501-1550, 33a 
533 |a Online-Ausgabe  |b Erfurt  |c Universitätsbibliothek Erfurt  |d [2019]  |e 1 Online-Ressource ([58] Bl.)  |7 |2019|||||||||| 
535 1 |a UB Erfurt  |3 13 - Gr. 8° 00661 
583 1 |a Archivierung/Langzeitarchivierung gewährleistet  |x XA-DE-TH  |2 pdager  |5 DE-547 
583 1 |a Digitalisiert  |c 2019  |2 pdager  |5 DE-547 
655 7 |a Grammatik  |0 (DE-627)09663183X  |2 local 
689 0 0 |d s  |0 (DE-588)4048780-5  |0 (DE-627)106189565  |0 (DE-576)209079231  |2 gnd  |a Rechtschreibung 
689 0 1 |d s  |0 (DE-588)4179989-6  |0 (DE-627)105329290  |0 (DE-576)209995033  |2 gnd  |a Schreibung 
689 0 2 |d s  |0 (DE-588)4021806-5  |0 (DE-627)106312081  |0 (DE-576)208940081  |2 gnd  |a Grammatik 
689 0 3 |d s  |0 (DE-588)4114364-4  |0 (DE-627)10582271X  |0 (DE-576)209484012  |2 gnd  |a Latein 
689 0 4 |d s  |0 (DE-588)4113791-7  |0 (DE-627)105826847  |0 (DE-576)20947937X  |2 gnd  |a Griechisch 
689 0 |5 (DE-627) 
700 1 |e BeiträgerIn  |0 (DE-588)119789167  |0 (DE-627)53922829X  |0 (DE-576)291917070  |4 ctb  |a Pistorius, Maternus  |d 1470-1534 
700 1 |0 (DE-588)137934327  |0 (DE-627)696199416  |0 (DE-576)305879413  |4 prt  |a Schenck, Wolfgang  |d -1510 
751 |a Erfurt  |4 pup 
776 0 8 |i Elektronische Reproduktion von  |a Marschalk, Nikolaus, 1470 - 1525  |t Orthographia N M T || ... ||  |d Erfurt : Schenck, Wolfgang, 1501  |h [58] Bl.  |w (DE-627)567363074  |w (DE-576)9567363072  |n UB Erfurt -- 13 - Gr. 8° 00661  |k Non-Electronic 
856 4 0 |u https://archive.thulb.uni-jena.de/ufb/receive/ufb_cbu_00014711  |x Digitalisierung  |3 Volltext  |7 1 
856 4 0 |u https://nbn-resolving.org/urn:nbn:de:urmel-06832786-465e-4a71-9934-7d17882ca4549  |x Digitalisierung  |3 Volltext  |7 1 
935 |a mteo 
935 |e M. v. Hase, Bibliographie der Erfurter Drucke von 1501-1550, 33a  |f b 
936 b k |a 17.54  |j Orthographie  |q ARK  |0 (DE-627)106404954 
936 b k |a 18.44  |j Lateinische Sprache  |q ARK  |0 (DE-627)106405063 
936 b k |a 18.41  |j Griechische Sprache  |0 (DE-627)106405446 
951 |a BO 
ELC |a 1 
LOK |0 000 xxxxxcx a22 zn 4500 
LOK |0 001 4947524154 
LOK |0 003 DE-627 
LOK |0 004 1679773887 
LOK |0 005 20260402103941 
LOK |0 008 260402||||||||||||||||ger||||||| 
LOK |0 040   |a DE-Tue135  |c DE-627  |d DE-Tue135 
LOK |0 092   |o n 
LOK |0 852   |a DE-Tue135 
LOK |0 852 1  |9 00 
LOK |0 866   |x SPQUE#VD (Historische deutsche Nationalbibliographie)#SPSAM#VD16 
LOK |0 935   |a ixvd  |a ixv6 
LOK |0 939   |a 2026-04-02  |b l01 
ORI |a TA-MARC-ixtheoa001.raw 
STA 0 0 |a Grammar,Grammar, Comparative and general,Grammar,Greek language,Ancient Greek language,Classical Greek language,Koine-Greek language,Latin,Orthography,Spelling,Spelling,Script,Script 
STB 0 0 |a Grammaire,Graphie,Grec,Latin,Orthographe 
STC 0 0 |a Grafía,Gramática,Griego,Latín,Ortografía 
STD 0 0 |a Grafia,Grammatica,Greco,Latino,Ortografia 
STE 0 0 |a 希腊语,希腊文,拉丁文,正字法,语法 
STF 0 0 |a 希臘語,希臘文,拉丁文,正字法,語法 
STG 0 0 |a Grafia,Gramática,Grego,Latim,Ortografia 
STH 0 0 |a Грамматика,Греческий (язык),Латынь,Орфография,Написание,Правописание 
STI 0 0 |a Γραμματική,Γραφή,Ορθογραφία,Ελληνική γλώσσα,Λατινικά,Ορθογραφία 
SYG 0 0 |a Orthographie,Orthografie,Rechtschreiben,Schreibweise , Graphie,Grafie , Lateinisch,Lateinische Sprache , Altgriechisch,Klassisches Griechisch,Hellenisch